Caricamento...

Fundementals of Co-Operation

Dettagli Bibliografici
Autore principale: Krishnaswami, O.R
Natura: Printed Book
Lingua:English
Pubblicazione: New Delhi S. Chand 1978
Soggetti:
LEADER 00628nam a2200253 a 4500
001 adlib96000001
003 ViArRB
005 20151026131433.0
008 960221s1955 dcuabcdjdbkoqu001 0deng d
020
022
040 |a Adlib 
082 |a 334 
245 |a Fundementals of Co-Operation 
250
260 |a New Delhi  |b S. Chand  |c 1978 
300 |a v, 163 p. 
500 |a   
100 |a Krishnaswami, O.R. 
700
942 |c BK  |6 _ 
653 |a Fundementals of Co-Operation 
999 |c 27999  |d 27999 
952 |0 0  |1 0  |4 0  |6 334_KAJ  |7 0  |9 39617  |a UL  |b UL  |d 2010-06-16  |o 334 KAJ  |p 00014383  |r 2010-06-16  |w 2010-06-16  |y BK